Normal view
MARC view
- Fumiko Yonezawa, Kazuhiko Tsuji, Keisuke Kaji, Masao Doi, Takeo Fujiwara
Entry Personal Name
001 - CONTROL NUMBER
- control field: 20594
003 - CONTROL NUMBER IDENTIFIER
- control field: NUST
005 - DATE AND TIME OF LATEST TRANSACTION
- control field: 20190913055402.0
008 - FIXED-LENGTH DATA ELEMENTS
- fixed length control field: 190913|| aca||aabn | a|a d
040 ## - CATALOGING SOURCE
- Original cataloging agency: NUST
- Transcribing agency: NUST
100 ## - HEADING--PERSONAL NAME
- Personal name: Fumiko Yonezawa, Kazuhiko Tsuji, Keisuke Kaji, Masao Doi, Takeo Fujiwara
670 ## - SOURCE DATA FOUND
- Source citation: Work cat.: (NUST): Fumiko Yonezawa, Kazuhiko Tsuji, Keisuke Kaji, Masao Doi, Takeo Fujiwara, Proceedings of the International Symposium The Physics of Complex Liquids , 1998
